[Event "DVM U16 2022"]
[Site "Darmstadt GER"]
[Date "2022.12.30"]
[Round "7"]
[White "Gering, Jakob"]
[Black "Widmann, Maximilian"]
[Result "0-1"]
[Termination "normal"]
[Board "3.3"]
[WhiteElo "1539"]
[BlackElo "1582"]
[WhiteClock "00:00:33"]
[BlackClock "00:01:19"]
[WhiteTeam "SchachAkademiePaderborn e. V."]
[BlackTeam "VfB Schach Leipzig e.V."]
[PlyCount "72"]
[WhiteFideId "16298225"]
[BlackFideId "16281691"]
[EventCountry "GER"]
[EventRounds "7"]
[EventType "team-swiss"]
[EventDate "2022.12.26"]

1. d4 {[%clk 1:30:58]} d5 {[%clk 1:30:50]} 2. c4 {[%clk 1:31:21]} c6 {[%clk
1:31:08]} 3. Nf3 {[%clk 1:31:43]} Nf6 {[%clk 1:31:21]} 4. e3 {[%clk 1:32:04]}
e6 {[%clk 1:27:08]} 5. Nbd2 {[%clk 1:32:23]} Nbd7 {[%clk 1:25:47]} 6. Bd3
{[%clk 1:32:42]} Be7 {[%clk 1:25:15]} 7. O-O {[%clk 1:32:22]} O-O {[%clk
1:24:37]} 8. e4 {[%clk 1:30:20]} dxe4 {[%clk 1:17:42]} 9. Nxe4 {[%clk 1:30:38]}
b6 {[%clk 1:14:49]} 10. Qa4 {[%clk 1:06:12]} Bb7 {[%clk 1:05:33]} 11. Nxf6
{[%clk 0:57:02]} Nxf6 {[%clk 1:00:43]} 12. Rd1 {[%clk 0:55:39]} Qc8 {[%clk
0:56:51]} 13. b4 {[%clk 0:37:39]} Rd8 {[%clk 0:48:49]} 14. c5 {[%clk 0:33:44]}
b5 {[%clk 0:36:30]} 15. Qc2 {[%clk 0:30:56]} g6 {[%clk 0:35:11]} 16. Bg5 {[%clk
0:29:30]} Nd5 {[%clk 0:31:53]} 17. Bxe7 {[%clk 0:29:02]} Nxe7 {[%clk 0:32:09]}
18. Qd2 {[%clk 0:26:07]} Kg7 {[%clk 0:30:50]} 19. h4 {[%clk 0:25:27]} Nd5
{[%clk 0:29:39]} 20. h5 {[%clk 0:24:25]} Re8 {[%clk 0:25:27]} 21. Ne5 {[%clk
0:21:55]} Qd8 {[%clk 0:24:30]} 22. Ng4 {[%clk 0:17:52]} g5 {[%clk 0:20:28]} 23.
h6 {[%clk 0:16:17]} Kh8 {[%clk 0:17:54]} 24. Qe1 {[%clk 0:15:58]} Qc7 {[%clk
0:15:47]} 25. Ne5 {[%clk 0:11:35]} f5 {[%clk 0:09:27]} 26. a3 {[%clk 0:09:32]}
Rad8 {[%clk 0:08:15]} 27. g3 {[%clk 0:08:18]} Qe7 {[%clk 0:07:21]} 28. Be2
{[%clk 0:07:04]} g4 {[%clk 0:04:45]} 29. Qd2 {[%clk 0:06:30]} Rf8 {[%clk
0:04:04]} 30. Kg2 {[%clk 0:04:48]} Qf6 {[%clk 0:03:25]} 31. Rh1 {[%clk
0:03:15]} Ne7 {[%clk 0:01:44]} 32. Rh5 {[%clk 0:02:15]} Qxe5 {[%clk 0:01:11]}
33. Bxg4 {[%clk 0:01:30]} Qxd4 {[%clk 0:01:00]} 34. Qe2 {[%clk 0:01:00]} Qxa1
{[%clk 0:00:44]} 35. Qxe6 {[%clk 0:01:15]} Qf6 {[%clk 0:00:52]} 36. Qxf6 {[%clk
0:00:33]} Rxf6 {[%clk 0:01:19]} 0-1

[Event "DVM U16 2022"]
[Site "Darmstadt GER"]
[Date "2022.12.30"]
[Round "7"]
[White "Vecera, Fabio"]
[Black "Le, Dinh An"]
[Result "0-1"]
[Termination "normal"]
[Board "3.4"]
[WhiteElo "1454"]
[BlackElo "1581"]
[WhiteClock "00:09:17"]
[BlackClock "00:16:53"]
[WhiteTeam "VfB Schach Leipzig e.V."]
[BlackTeam "SchachAkademiePaderborn e. V."]
[PlyCount "118"]
[WhiteFideId "16281705"]
[BlackFideId "34607277"]
[EventCountry "GER"]
[EventRounds "7"]
[EventType "team-swiss"]
[EventDate "2022.12.26"]

1. Nf3 {[%clk 1:30:59]} c5 {[%clk 1:30:41]} 2. c4 {[%clk 1:31:18]} Nf6 {[%clk
1:30:59]} 3. g3 {[%clk 1:31:24]} d5 {[%clk 1:31:04]} 4. cxd5 {[%clk 1:28:14]}
Nxd5 {[%clk 1:31:05]} 5. Bg2 {[%clk 1:28:21]} Nc6 {[%clk 1:30:46]} 6. O-O
{[%clk 1:28:11]} e5 {[%clk 1:30:35]} 7. d3 {[%clk 1:27:59]} Be7 {[%clk
1:29:43]} 8. Nc3 {[%clk 1:28:03]} Nc7 {[%clk 1:29:36]} 9. Nd2 {[%clk 1:17:40]}
Bd7 {[%clk 1:28:09]} 10. Nc4 {[%clk 1:16:23]} f6 {[%clk 1:27:22]} 11. f4 {[%clk
1:09:38]} b5 {[%clk 1:24:41]} 12. Ne3 {[%clk 1:07:37]} exf4 {[%clk 1:22:42]}
13. gxf4 {[%clk 1:05:10]} O-O {[%clk 1:21:59]} 14. Ned5 {[%clk 1:05:08]} Rb8
{[%clk 1:16:16]} 15. Be3 {[%clk 0:54:23]} Kh8 {[%clk 1:10:20]} 16. Nxc7 {[%clk
0:52:26]} Qxc7 {[%clk 1:09:14]} 17. Nd5 {[%clk 0:52:21]} Qd8 {[%clk 0:57:36]}
18. Rc1 {[%clk 0:47:26]} Nd4 {[%clk 0:49:36]} 19. b4 {[%clk 0:36:14]} Bc6
{[%clk 0:42:50]} 20. Bxd4 {[%clk 0:30:14]} Bxd5 {[%clk 0:41:25]} 21. Bxc5
{[%clk 0:29:09]} Bxc5 {[%clk 0:31:02]} 22. Rxc5 {[%clk 0:29:03]} Bxg2 {[%clk
0:27:54]} 23. Kxg2 {[%clk 0:29:24]} Qd4 {[%clk 0:26:10]} 24. Qd2 {[%clk
0:29:39]} Rfe8 {[%clk 0:23:21]} 25. Rfc1 {[%clk 0:26:34]} h6 {[%clk 0:22:55]}
26. Kf3 {[%clk 0:16:50]} a6 {[%clk 0:20:07]} 27. e3 {[%clk 0:15:49]} Qd7 {[%clk
0:19:06]} 28. Qc2 {[%clk 0:14:17]} Qh3 {[%clk 0:19:12]} 29. Kf2 {[%clk
0:13:24]} Qxh2 {[%clk 0:16:19]} 30. Kf1 {[%clk 0:12:13]} Qxc2 {[%clk 0:13:44]}
31. R1xc2 {[%clk 0:11:50]} Rxe3 {[%clk 0:13:34]} 32. Rd2 {[%clk 0:10:39]} Rf3
{[%clk 0:13:41]} 33. Kg2 {[%clk 0:10:41]} Rxf4 {[%clk 0:13:54]} 34. d4 {[%clk
0:11:06]} Rd8 {[%clk 0:14:06]} 35. d5 {[%clk 0:11:18]} Kg8 {[%clk 0:13:37]} 36.
a3 {[%clk 0:10:57]} Kf7 {[%clk 0:08:34]} 37. Rc7 {[%clk 0:09:36]} Kf8 {[%clk
0:07:47]} 38. Rd3 {[%clk 0:07:29]} Rf5 {[%clk 0:04:21]} 39. d6 {[%clk 0:06:16]}
g6 {[%clk 0:01:55]} 40. Rh7 {[%clk 0:04:34]} Ke8 {[%clk 0:01:58]} 41. Re7
{[%clk 0:21:14]} Kf8 {[%clk 0:31:55]} 42. Rh7 {[%clk 0:21:32]} Kg8 {[%clk
0:31:37]} 43. Re7 {[%clk 0:21:25]} Re5 {[%clk 0:31:11]} 44. Rc7 {[%clk
0:21:41]} Re6 {[%clk 0:30:23]} 45. d7 {[%clk 0:21:16]} Kf7 {[%clk 0:30:32]} 46.
Kf2 {[%clk 0:18:45]} f5 {[%clk 0:29:42]} 47. Kf3 {[%clk 0:13:49]} g5 {[%clk
0:20:24]} 48. Rd5 {[%clk 0:13:39]} Ke7 {[%clk 0:20:32]} 49. Ra7 {[%clk
0:12:34]} Rd6 {[%clk 0:17:15]} 50. Rxd6 {[%clk 0:12:24]} Kxd6 {[%clk 0:17:35]}
51. Rxa6 {[%clk 0:12:51]} Ke5 {[%clk 0:17:15]} 52. Ra7 {[%clk 0:12:43]} g4
{[%clk 0:16:26]} 53. Kf2 {[%clk 0:12:20]} f4 {[%clk 0:16:00]} 54. Rb7 {[%clk
0:08:55]} Ke4 {[%clk 0:16:13]} 55. Rxb5 {[%clk 0:09:03]} Rxd7 {[%clk 0:16:36]}
56. Rb6 {[%clk 0:08:53]} g3 {[%clk 0:16:23]} 57. Kg2 {[%clk 0:09:04]} Rd2
{[%clk 0:16:33]} 58. Kg1 {[%clk 0:08:56]} f3 {[%clk 0:16:50]} 59. Re6 {[%clk
0:09:17]} Kf5 {[%clk 0:16:53]} 0-1

[Event "DVM U16 2022"]
[Site "Darmstadt GER"]
[Date "2022.12.30"]
[Round "7"]
[White "Pohle, Saskia"]
[Black "Tulchynsky, David"]
[Result "1-0"]
[Termination "normal"]
[Board "4.2"]
[WhiteElo "1678"]
[BlackElo "1617"]
[WhiteClock "00:22:56"]
[BlackClock "00:36:15"]
[WhiteTeam "Schachzwerge Magdeburg"]
[BlackTeam "KSV Rochade Göttingen (Veltheim)"]
[PlyCount "95"]
[WhiteFideId "16201604"]
[BlackFideId "16289560"]
[EventCountry "GER"]
[EventRounds "7"]
[EventType "team-swiss"]
[EventDate "2022.12.26"]

1. e4 {[%clk 1:30:58]} e5 {[%clk 1:30:56]} 2. Nf3 {[%clk 1:31:24]} Nc6 {[%clk
1:31:23]} 3. Bb5 {[%clk 1:31:46]} f5 {[%clk 1:22:36]} 4. d3 {[%clk 1:30:47]}
Nf6 {[%clk 1:22:26]} 5. O-O {[%clk 1:30:03]} Bc5 {[%clk 1:17:34]} 6. Nc3 {[%clk
1:22:50]} h6 {[%clk 1:12:55]} 7. Bxc6 {[%clk 1:21:12]} dxc6 {[%clk 1:13:11]} 8.
Nxe5 {[%clk 1:21:01]} O-O {[%clk 1:13:29]} 9. Ng6 {[%clk 1:18:00]} Re8 {[%clk
1:13:48]} 10. Na4 {[%clk 1:07:55]} Bd6 {[%clk 1:08:41]} 11. f3 {[%clk 1:04:20]}
Kh7 {[%clk 1:04:59]} 12. exf5 {[%clk 1:00:08]} Bxf5 {[%clk 1:05:02]} 13. Nh4
{[%clk 1:00:30]} Be6 {[%clk 1:02:31]} 14. g3 {[%clk 0:52:17]} b5 {[%clk
0:41:52]} 15. Nc3 {[%clk 0:52:23]} Bc5 {[%clk 0:42:16]} 16. Kh1 {[%clk
0:52:31]} Bh3 {[%clk 0:41:55]} 17. Ng2 {[%clk 0:52:21]} Qd4 {[%clk 0:32:38]}
18. Ne4 {[%clk 0:41:36]} Rad8 {[%clk 0:23:47]} 19. c3 {[%clk 0:33:53]} Bxg2
{[%clk 0:24:04]} 20. Kxg2 {[%clk 0:34:12]} Qd5 {[%clk 0:24:05]} 21. Bf4 {[%clk
0:30:23]} Bb6 {[%clk 0:23:23]} 22. Nxf6 {[%clk 0:28:26]} gxf6 {[%clk 0:23:49]}
23. d4 {[%clk 0:28:42]} c5 {[%clk 0:23:59]} 24. Qc2 {[%clk 0:25:32]} Kg7 {[%clk
0:24:12]} 25. dxc5 {[%clk 0:20:38]} Qxc5 {[%clk 0:20:39]} 26. Rfe1 {[%clk
0:16:02]} b4 {[%clk 0:16:56]} 27. Rxe8 {[%clk 0:15:09]} Rxe8 {[%clk 0:17:20]}
28. Qd2 {[%clk 0:15:31]} bxc3 {[%clk 0:16:14]} 29. Bxh6 {[%clk 0:14:50]} Kh7
{[%clk 0:16:36]} 30. bxc3 {[%clk 0:15:05]} Qb5 {[%clk 0:17:02]} 31. c4 {[%clk
0:08:04]} Qe5 {[%clk 0:14:29]} 32. Bf4 {[%clk 0:06:05]} Qe2 {[%clk 0:11:34]}
33. Kh3 {[%clk 0:05:58]} Qe6 {[%clk 0:11:27]} 34. g4 {[%clk 0:05:40]} Kg6
{[%clk 0:11:50]} 35. Kg3 {[%clk 0:05:16]} Qxc4 {[%clk 0:11:52]} 36. h4 {[%clk
0:04:08]} Re2 {[%clk 0:11:51]} 37. h5 {[%clk 0:03:51]} Kf7 {[%clk 0:12:17]} 38.
Qd7 {[%clk 0:03:14]} Re7 {[%clk 0:12:42]} 39. Qf5 {[%clk 0:02:53]} Qe2 {[%clk
0:09:50]} 40. Qg6 {[%clk 0:02:23]} Ke6 {[%clk 0:09:51]} 41. Qf5 {[%clk
0:00:49]} Kf7 {[%clk 0:10:06]} 42. g5 {[%clk 0:24:58]} Qf2 {[%clk 0:39:52]} 43.
Kg4 {[%clk 0:24:34]} Qg2 {[%clk 0:39:45]} 44. Bg3 {[%clk 0:24:28]} Bf2 {[%clk
0:36:03]} 45. Qxf6 {[%clk 0:22:30]} Ke8 {[%clk 0:36:21]} 46. Qh8 {[%clk
0:22:44]} Kf7 {[%clk 0:35:54]} 47. g6 {[%clk 0:22:33]} Ke6 {[%clk 0:36:15]} 48.
Qe5 {[%clk 0:22:56]} 1-0

[Event "DVM U16 2022"]
[Site "Darmstadt GER"]
[Date "2022.12.30"]
[Round "7"]
[White "Lesser, Luan"]
[Black "Nönnig, Jakob"]
[Result "0-1"]
[Termination "normal"]
[Board "4.3"]
[WhiteElo "1413"]
[BlackElo "1606"]
[WhiteClock "00:34:54"]
[BlackClock "00:03:32"]
[WhiteTeam "KSV Rochade Göttingen (Veltheim)"]
[BlackTeam "Schachzwerge Magdeburg"]
[PlyCount "74"]
[WhiteFideId "34640150"]
[BlackFideId "16289447"]
[EventCountry "GER"]
[EventRounds "7"]
[EventType "team-swiss"]
[EventDate "2022.12.26"]

1. e4 {[%clk 1:30:39]} e5 {[%clk 1:30:54]} 2. Nf3 {[%clk 1:31:06]} Nc6 {[%clk
1:31:16]} 3. Bb5 {[%clk 1:31:08]} a6 {[%clk 1:31:19]} 4. Ba4 {[%clk 1:31:33]}
Nge7 {[%clk 1:31:40]} 5. d4 {[%clk 1:31:41]} exd4 {[%clk 1:31:44]} 6. O-O
{[%clk 1:31:47]} g6 {[%clk 1:31:46]} 7. Nxd4 {[%clk 1:31:49]} b5 {[%clk
1:30:41]} 8. Bb3 {[%clk 1:31:54]} Bg7 {[%clk 1:30:43]} 9. Be3 {[%clk 1:24:59]}
O-O {[%clk 1:30:22]} 10. c3 {[%clk 1:24:01]} Bb7 {[%clk 1:26:43]} 11. Nd2
{[%clk 1:21:38]} d5 {[%clk 1:24:23]} 12. exd5 {[%clk 1:16:30]} Nxd4 {[%clk
1:22:26]} 13. Bxd4 {[%clk 1:14:22]} Bxd4 {[%clk 1:22:17]} 14. cxd4 {[%clk
1:14:48]} Nxd5 {[%clk 1:22:04]} 15. Qf3 {[%clk 1:13:15]} Rb8 {[%clk 0:58:45]}
16. Ne4 {[%clk 1:06:30]} Nb6 {[%clk 0:57:05]} 17. d5 {[%clk 1:05:12]} a5 {[%clk
0:51:41]} 18. a3 {[%clk 1:05:01]} Nd7 {[%clk 0:41:50]} 19. Qc3 {[%clk 1:03:02]}
a4 {[%clk 0:40:41]} 20. Ba2 {[%clk 1:03:08]} Ba6 {[%clk 0:30:47]} 21. Rfc1
{[%clk 0:59:27]} Qh4 {[%clk 0:19:15]} 22. f3 {[%clk 0:55:38]} Qh6 {[%clk
0:18:54]} 23. Nf6 {[%clk 0:49:37]} Nxf6 {[%clk 0:19:03]} 24. Qxf6 {[%clk
0:49:54]} Qe3 {[%clk 0:19:00]} 25. Kh1 {[%clk 0:49:27]} Rb6 {[%clk 0:10:28]}
26. Qc3 {[%clk 0:46:09]} Qh6 {[%clk 0:08:17]} 27. Qxc7 {[%clk 0:44:40]} Rc8
{[%clk 0:07:42]} 28. Qxc8 {[%clk 0:44:20]} Bxc8 {[%clk 0:08:06]} 29. Rxc8
{[%clk 0:44:49]} Kg7 {[%clk 0:08:29]} 30. Rac1 {[%clk 0:45:01]} Qd2 {[%clk
0:07:39]} 31. R8c2 {[%clk 0:43:15]} Qd4 {[%clk 0:07:18]} 32. g3 {[%clk
0:41:43]} b4 {[%clk 0:05:08]} 33. Bc4 {[%clk 0:36:59]} bxa3 {[%clk 0:03:38]}
34. bxa3 {[%clk 0:37:21]} Qe3 {[%clk 0:03:02]} 35. Rc3 {[%clk 0:37:15]} Qf2
{[%clk 0:03:22]} 36. Rf1 {[%clk 0:36:47]} Qd2 {[%clk 0:03:10]} 37. Rd3 {[%clk
0:34:54]} Qc2 {[%clk 0:03:32]} 0-1

[Event "DVM U16 2022"]
[Site "Darmstadt GER"]
[Date "2022.12.30"]
[Round "7"]
[White "Petzold, Johannes Julius"]
[Black "Liestmann, Marius"]
[Result "1-0"]
[Termination "normal"]
[Board "4.4"]
[WhiteElo "1211"]
[BlackElo "1292"]
[WhiteClock "00:52:26"]
[BlackClock "00:37:02"]
[WhiteTeam "Schachzwerge Magdeburg"]
[BlackTeam "KSV Rochade Göttingen (Veltheim)"]
[PlyCount "43"]
[WhiteFideId "16289455"]
[BlackFideId "34640169"]
[EventCountry "GER"]
[EventRounds "7"]
[EventType "team-swiss"]
[EventDate "2022.12.26"]

1. e4 {[%clk 1:30:58]} e6 {[%clk 1:30:33]} 2. d4 {[%clk 1:31:25]} d5 {[%clk
1:31:00]} 3. e5 {[%clk 1:31:51]} c5 {[%clk 1:31:23]} 4. c3 {[%clk 1:32:19]} Nc6
{[%clk 1:31:42]} 5. Nf3 {[%clk 1:32:43]} Nge7 {[%clk 1:30:54]} 6. Bd3 {[%clk
1:31:50]} Ng6 {[%clk 1:27:53]} 7. O-O {[%clk 1:27:44]} Be7 {[%clk 1:25:35]} 8.
Re1 {[%clk 1:26:19]} O-O {[%clk 1:25:31]} 9. Na3 {[%clk 1:24:37]} cxd4 {[%clk
1:10:38]} 10. cxd4 {[%clk 1:24:59]} Bb4 {[%clk 1:10:23]} 11. Re2 {[%clk
1:24:16]} Bd7 {[%clk 0:54:39]} 12. Nc2 {[%clk 1:23:57]} Be7 {[%clk 0:54:00]}
13. a3 {[%clk 1:19:05]} Rc8 {[%clk 0:52:06]} 14. b4 {[%clk 1:13:54]} a6 {[%clk
0:50:23]} 15. Bxg6 {[%clk 1:12:47]} hxg6 {[%clk 0:49:31]} 16. Bb2 {[%clk
1:11:57]} f5 {[%clk 0:45:17]} 17. exf6 {[%clk 1:06:57]} gxf6 {[%clk 0:43:43]}
18. Qd3 {[%clk 1:01:28]} Kf7 {[%clk 0:41:20]} 19. Rae1 {[%clk 0:56:58]} Na7
{[%clk 0:38:42]} 20. Qd2 {[%clk 0:56:39]} f5 {[%clk 0:37:10]} 21. Qh6 {[%clk
0:52:05]} Rh8 {[%clk 0:37:02]} 22. Ne5 {[%clk 0:52:26]} 1-0

[Event "DVM U16 2022"]
[Site "Darmstadt GER"]
[Date "2022.12.30"]
[Round "7"]
[White "Schwartz, Oliver"]
[Black "Mader, Fabian"]
[Result "1/2-1/2"]
[Termination "normal"]
[Board "5.1"]
[WhiteElo "1868"]
[BlackElo "1819"]
[WhiteClock "00:44:06"]
[BlackClock "00:36:11"]
[WhiteTeam "SC Ostfildern 1952 e.V."]
[BlackTeam "SV Turm Lahnstein"]
[PlyCount "41"]
[WhiteFideId "16207459"]
[BlackFideId "16265866"]
[EventCountry "GER"]
[EventRounds "7"]
[EventType "team-swiss"]
[EventDate "2022.12.26"]

1. d4 {[%clk 1:30:57]} Nf6 {[%clk 1:30:54]} 2. c4 {[%clk 1:31:22]} g6 {[%clk
1:31:18]} 3. Nc3 {[%clk 1:31:45]} d5 {[%clk 1:31:40]} 4. e3 {[%clk 1:28:57]}
Bg7 {[%clk 1:31:35]} 5. Nf3 {[%clk 1:27:27]} O-O {[%clk 1:31:12]} 6. Be2 {[%clk
1:25:09]} c5 {[%clk 1:28:09]} 7. O-O {[%clk 1:19:45]} dxc4 {[%clk 1:16:56]} 8.
Bxc4 {[%clk 1:18:23]} cxd4 {[%clk 1:12:18]} 9. Nxd4 {[%clk 1:12:58]} a6 {[%clk
1:09:08]} 10. Qe2 {[%clk 1:06:42]} b5 {[%clk 1:06:01]} 11. Bb3 {[%clk 1:06:20]}
Bb7 {[%clk 1:05:05]} 12. Rd1 {[%clk 1:04:54]} Qc7 {[%clk 1:00:19]} 13. Bd2
{[%clk 1:01:42]} Nc6 {[%clk 0:58:41]} 14. Be1 {[%clk 1:01:01]} Rfd8 {[%clk
0:57:07]} 15. Nxc6 {[%clk 0:56:42]} Qxc6 {[%clk 0:56:23]} 16. f3 {[%clk
0:55:51]} e6 {[%clk 0:52:00]} 17. Rac1 {[%clk 0:54:15]} Rxd1 {[%clk 0:49:57]}
18. Rxd1 {[%clk 0:53:44]} Qb6 {[%clk 0:40:09]} 19. Bf2 {[%clk 0:50:30]} Rd8
{[%clk 0:37:50]} 20. e4 {[%clk 0:49:12]} Qc7 {[%clk 0:36:11]} 21. a3 {[%clk
0:44:06]} 1/2-1/2

[Event "DVM U16 2022"]
[Site "Darmstadt GER"]
[Date "2022.12.30"]
[Round "7"]
[White "Lenz, Joshua"]
[Black "Chugunov, Ivan"]
[Result "1/2-1/2"]
[Termination "normal"]
[Board "5.2"]
[WhiteElo "1527"]
[BlackElo "1624"]
[WhiteClock "00:29:21"]
[BlackClock "00:09:40"]
[WhiteTeam "SV Turm Lahnstein"]
[BlackTeam "SC Ostfildern 1952 e.V."]
[PlyCount "107"]
[WhiteFideId "16256956"]
[BlackFideId "16256808"]
[EventCountry "GER"]
[EventRounds "7"]
[EventType "team-swiss"]
[EventDate "2022.12.26"]

1. e4 {[%clk 1:30:58]} c6 {[%clk 1:29:54]} 2. Nf3 {[%clk 1:31:22]} d5 {[%clk
1:30:17]} 3. Nc3 {[%clk 1:31:48]} dxe4 {[%clk 1:30:40]} 4. Nxe4 {[%clk
1:32:11]} Nd7 {[%clk 1:31:05]} 5. Qe2 {[%clk 1:32:28]} e6 {[%clk 1:30:56]} 6.
d4 {[%clk 1:32:30]} Ngf6 {[%clk 1:30:34]} 7. Nxf6 {[%clk 1:30:56]} Nxf6 {[%clk
1:30:49]} 8. g3 {[%clk 1:27:09]} Bd6 {[%clk 1:25:45]} 9. Bg2 {[%clk 1:27:07]}
Qc7 {[%clk 1:22:21]} 10. O-O {[%clk 1:26:14]} b6 {[%clk 1:18:30]} 11. Rd1
{[%clk 1:24:29]} Bb7 {[%clk 1:14:17]} 12. c4 {[%clk 1:23:48]} O-O {[%clk
1:04:14]} 13. b3 {[%clk 1:21:46]} Nd7 {[%clk 1:00:05]} 14. Bb2 {[%clk 1:19:58]}
c5 {[%clk 0:57:09]} 15. Qd3 {[%clk 1:13:23]} Rfd8 {[%clk 0:49:14]} 16. Ng5
{[%clk 1:09:45]} Nf8 {[%clk 0:48:46]} 17. Bxb7 {[%clk 1:08:45]} Qxb7 {[%clk
0:48:38]} 18. dxc5 {[%clk 1:08:21]} Bxc5 {[%clk 0:48:53]} 19. Qc3 {[%clk
1:05:44]} f6 {[%clk 0:48:21]} 20. Nf3 {[%clk 1:03:45]} e5 {[%clk 0:47:31]} 21.
Ne1 {[%clk 0:59:22]} Bd4 {[%clk 0:40:43]} 22. Qc2 {[%clk 0:59:23]} Ne6 {[%clk
0:40:36]} 23. Bxd4 {[%clk 0:46:51]} Nxd4 {[%clk 0:38:53]} 24. Qb2 {[%clk
0:46:02]} Qe4 {[%clk 0:37:48]} 25. f3 {[%clk 0:39:20]} Nxf3 {[%clk 0:37:01]}
26. Nxf3 {[%clk 0:39:41]} Qxf3 {[%clk 0:37:21]} 27. Rd2 {[%clk 0:38:56]} Qe3
{[%clk 0:34:19]} 28. Rf2 {[%clk 0:39:19]} Rd4 {[%clk 0:33:46]} 29. Qe2 {[%clk
0:38:40]} Qxe2 {[%clk 0:33:47]} 30. Rxe2 {[%clk 0:39:06]} Rad8 {[%clk 0:34:08]}
31. Kf2 {[%clk 0:38:42]} Kf7 {[%clk 0:32:53]} 32. Rc1 {[%clk 0:38:23]} Ke6
{[%clk 0:31:28]} 33. c5 {[%clk 0:38:29]} bxc5 {[%clk 0:29:38]} 34. Rxc5 {[%clk
0:38:42]} R8d7 {[%clk 0:28:58]} 35. Rcc2 {[%clk 0:37:01]} f5 {[%clk 0:21:30]}
36. h4 {[%clk 0:36:06]} g6 {[%clk 0:19:09]} 37. Rc5 {[%clk 0:35:24]} e4 {[%clk
0:18:41]} 38. Ra5 {[%clk 0:33:31]} R4d5 {[%clk 0:09:58]} 39. Ra4 {[%clk
0:32:13]} a5 {[%clk 0:08:31]} 40. Rc4 {[%clk 0:32:13]} Ke5 {[%clk 0:08:27]} 41.
Ke3 {[%clk 0:31:23]} h6 {[%clk 0:04:35]} 42. Kf2 {[%clk 0:27:30]} g5 {[%clk
0:03:31]} 43. hxg5 {[%clk 0:26:40]} hxg5 {[%clk 0:03:45]} 44. g4 {[%clk
0:26:28]} Rf7 {[%clk 0:28:46]} 45. Kg2 {[%clk 0:54:52]} Rd4 {[%clk 0:25:30]}
46. Rc5 {[%clk 0:50:56]} Kf4 {[%clk 0:25:30]} 47. gxf5 {[%clk 0:50:39]} a4
{[%clk 0:16:36]} 48. bxa4 {[%clk 0:42:53]} Rxa4 {[%clk 0:15:24]} 49. Rf2 {[%clk
0:42:02]} Kg4 {[%clk 0:13:58]} 50. Re5 {[%clk 0:41:31]} Rf6 {[%clk 0:13:10]}
51. Re2 {[%clk 0:34:58]} Rxf5 {[%clk 0:11:54]} 52. R5xe4 {[%clk 0:35:06]} Rf4
{[%clk 0:11:55]} 53. Re5 {[%clk 0:34:50]} Ra3 {[%clk 0:09:40]} 54. Re8 {[%clk
0:29:21]} 1/2-1/2

[Event "DVM U16 2022"]
[Site "Darmstadt GER"]
[Date "2022.12.30"]
[Round "7"]
[White "Walter, Romeo"]
[Black "Werling, Lasse"]
[Result "0-1"]
[Termination "normal"]
[Board "5.3"]
[WhiteElo "1267"]
[BlackElo "1500"]
[WhiteClock "00:31:02"]
[BlackClock "00:33:31"]
[WhiteTeam "SC Ostfildern 1952 e.V."]
[BlackTeam "SV Turm Lahnstein"]
[PlyCount "94"]
[WhiteFideId "16275055"]
[BlackFideId "16275080"]
[EventCountry "GER"]
[EventRounds "7"]
[EventType "team-swiss"]
[EventDate "2022.12.26"]

1. c4 {[%clk 1:30:55]} e5 {[%clk 1:30:51]} 2. Nc3 {[%clk 1:31:20]} Nc6 {[%clk
1:31:08]} 3. g3 {[%clk 1:31:43]} Bc5 {[%clk 1:31:02]} 4. Bg2 {[%clk 1:30:53]}
d6 {[%clk 1:30:42]} 5. e3 {[%clk 1:30:14]} a6 {[%clk 1:29:16]} 6. Nge2 {[%clk
1:30:28]} Nge7 {[%clk 1:26:54]} 7. O-O {[%clk 1:30:36]} h5 {[%clk 1:24:13]} 8.
d4 {[%clk 1:27:51]} Ba7 {[%clk 1:23:35]} 9. d5 {[%clk 1:26:54]} Nb8 {[%clk
1:22:18]} 10. e4 {[%clk 1:24:43]} Ng6 {[%clk 1:17:46]} 11. h3 {[%clk 1:18:10]}
f5 {[%clk 1:15:24]} 12. Qd3 {[%clk 1:16:34]} Qf6 {[%clk 1:11:01]} 13. exf5
{[%clk 1:13:48]} Bxf5 {[%clk 1:07:57]} 14. Ne4 {[%clk 1:08:09]} Qf7 {[%clk
1:02:35]} 15. Be3 {[%clk 1:02:24]} Qd7 {[%clk 0:53:00]} 16. Bxa7 {[%clk
0:59:01]} Rxa7 {[%clk 0:53:17]} 17. Kh2 {[%clk 0:55:28]} h4 {[%clk 0:47:28]}
18. g4 {[%clk 0:54:18]} Bxe4 {[%clk 0:46:24]} 19. Bxe4 {[%clk 0:51:01]} Ne7
{[%clk 0:43:33]} 20. f4 {[%clk 0:47:21]} c5 {[%clk 0:38:17]} 21. fxe5 {[%clk
0:37:53]} dxe5 22. Bg6 {[%clk 0:33:49]} Kd8 {[%clk 0:36:39]} 23. Rf7 {[%clk
0:25:10]} Qd6 {[%clk 0:34:19]} 24. Be4 {[%clk 0:25:33]} g5 {[%clk 0:31:43]} 25.
Qe3 {[%clk 0:25:02]} Rg8 {[%clk 0:30:23]} 26. Raf1 {[%clk 0:24:41]} Nd7 {[%clk
0:29:14]} 27. Ng1 {[%clk 0:19:31]} b5 {[%clk 0:26:09]} 28. Nf3 {[%clk 0:17:09]}
bxc4 {[%clk 0:24:23]} 29. Nxg5 {[%clk 0:17:18]} Rb7 {[%clk 0:19:15]} 30. Rf8
{[%clk 0:14:04]} Rxf8 {[%clk 0:19:06]} 31. Rxf8 {[%clk 0:14:25]} Kc7 {[%clk
0:18:54]} 32. Ne6 {[%clk 0:14:32]} Kb6 {[%clk 0:18:59]} 33. b4 {[%clk 0:13:45]}
cxb3 {[%clk 0:16:09]} 34. Rf2 {[%clk 0:09:42]} Ka7 {[%clk 0:13:31]} 35. axb3
{[%clk 0:09:48]} Nxd5 {[%clk 0:12:52]} 36. Qd3 {[%clk 0:08:34]} N7b6 {[%clk
0:10:28]} 37. Ng5 {[%clk 0:05:53]} Rd7 {[%clk 0:08:18]} 38. Rd2 {[%clk
0:05:14]} Qf6 {[%clk 0:06:53]} 39. Nh7 {[%clk 0:01:08]} Qf4 {[%clk 0:06:18]}
40. Kh1 {[%clk 0:01:30]} Ne3 {[%clk 0:05:21]} 41. Qxd7 {[%clk 0:00:46]} Nxd7
{[%clk 0:05:34]} 42. Rxd7 {[%clk 0:01:11]} Kb6 {[%clk 0:04:39]} 43. Rd6 {[%clk
0:00:50]} Ka5 {[%clk 0:03:52]} 44. b4 {[%clk 0:01:11]} cxb4 {[%clk 0:03:25]}
45. Rd5 {[%clk 0:30:11]} Nxd5 {[%clk 0:33:34]} 46. Bxd5 {[%clk 0:30:36]} Qc1
{[%clk 0:33:28]} 47. Kh2 {[%clk 0:31:02]} Qc2 {[%clk 0:33:31]} 0-1